000 00661nam a2200265Ia 4500
005 20260121165114.0
008 008 260114s9999 xx 000 0 eng d
020 _a9781137581976
037 _aEBOOK
040 _aCRL
040 _beng
040 _cCRL
041 _2eng
041 _aeng
084 _qCRL
100 _aReinhard Heinisch, Oscar Mazzoleni
_91047593
245 0 _aUnderstanding Populist Party Organisation
260 _bSpringer
260 _bSpringer
260 _c2016
856 _uhttps://link.springer.com/openurl?genre=book&isbn=978-1-137-58197-6
942 _cEBOOK
999 _c1613318
_d1613318